[Event "CAN op"]
[Site "Calgary CAN"]
[Date "2023.07.29"]
[Round "9.40"]
[White "Hooshdaran, Soheil"]
[Black "Sembrano, Joshua"]
[Result "1-0"]
[WhiteElo "1617"]
[BlackElo "1825"]
[PlyCount "47"]
[EventDate "2023.07.22"]
[EventType "swiss"]
[EventRounds "10"]
[EventCountry "CAN"]

1. e4 d6 2. d4 Nf6 3. Nc3 Nbd7 4. Nf3 e5 5. Bc4 Be7 6. O-O c6 7. a4 O-O 8. h3
h6 9. Be3 b6 10. d5 cxd5 11. Nxd5 Nxe4 12. Nxe7+ Qxe7 13. Bd5 Nxf2 14. Rxf2 Rb8
15. a5 Bb7 16. axb6 axb6 17. Rd2 Bxd5 18. Rxd5 Rfc8 19. Ra7 Rc6 20. Nxe5 dxe5
21. Rdxd7 Qh4 22. Rxf7 Rg6 23. Bf2 Qxh3 24. Rxg7+ 1-0

[Event "CAN op"]
[Site "Calgary CAN"]
[Date "2023.07.29"]
[Round "9.41"]
[White "Zhao, Erin"]
[Black "Pottinger, Carl"]
[Result "1-0"]
[WhiteElo "1613"]
[BlackElo "1822"]
[PlyCount "53"]
[EventDate "2023.07.22"]
[EventType "swiss"]
[EventRounds "10"]
[EventCountry "CAN"]

1. e4 c5 2. Nf3 d6 3. d4 cxd4 4. Nxd4 Nf6 5. Nc3 g6 6. Be2 Bg7 7. Be3 O-O 8.
O-O Nc6 9. f4 Qb6 10. Qd3 Qxb2 11. a3 Qb6 12. Ne6 Qa5 13. Nxf8 Kxf8 14. Rab1
Ng4 15. Bxg4 Bxc3 16. Bxc8 Rxc8 17. Rb5 Qxa3 18. Rb3 Nb4 19. Rxa3 Nxd3 20. cxd3
b5 21. Rxa7 b4 22. Rb7 e6 23. Rc1 Rd8 24. Kf1 d5 25. Bc5+ Kg7 26. Bxb4 Bd4 27.
Rcc7 1-0

[Event "CAN op"]
[Site "Calgary CAN"]
[Date "2023.07.29"]
[Round "9.42"]
[White "Jackson, Mateo"]
[Black "Yang, Vincent"]
[Result "1-0"]
[WhiteElo "1914"]
[BlackElo "1670"]
[PlyCount "57"]
[EventDate "2023.07.22"]
[EventType "swiss"]
[EventRounds "10"]
[EventCountry "CAN"]

1. e4 c6 2. d4 d5 3. exd5 cxd5 4. Bd3 Qc7 5. Ne2 Nc6 6. c3 g6 7. Bf4 Qd8 8. Na3
a6 9. O-O Bg7 10. Qd2 e5 11. dxe5 Nxe5 12. Bc2 Ne7 13. Rac1 O-O 14. Ng3 N7c6
15. Bh6 Be6 16. Bxg7 Kxg7 17. f4 Ng4 18. f5 Bc8 19. Rf4 Nf6 20. Rcf1 Qb6+ 21.
Kh1 Qxb2 22. fxg6 fxg6 23. Rxf6 Rxf6 24. Nh5+ gxh5 25. Qg5+ Rg6 26. Bxg6 hxg6
27. Qf6+ Kh6 28. Qf8+ Kg5 29. Qf4# 1-0

[Event "CAN op"]
[Site "Calgary CAN"]
[Date "2023.07.29"]
[Round "9.43"]
[White "Chacon, Jose Eduardo"]
[Black "Russell, Wesley"]
[Result "1/2-1/2"]
[WhiteElo "1983"]
[BlackElo "1723"]
[PlyCount "103"]
[EventDate "2023.07.22"]
[EventType "swiss"]
[EventRounds "10"]
[EventCountry "CAN"]

1. d4 d5 2. Bf4 Nf6 3. c3 e6 4. Nf3 c5 5. e3 Bd6 6. Bg3 O-O 7. Bd3 Qc7 8. Nbd2
Nbd7 9. O-O e5 10. dxe5 Nxe5 11. Nxe5 Bxe5 12. Nf3 Bxg3 13. hxg3 Bg4 14. Qc2
Bxf3 15. gxf3 Rfe8 16. Kg2 g6 17. c4 d4 18. exd4 cxd4 19. Rh1 Qc5 20. Rh4 Rad8
21. Rah1 Qf8 22. Qd2 Qg7 23. b4 Nd7 24. Rxh7 Qxh7 25. Rxh7 Kxh7 26. f4 Kg7 27.
a4 Nf6 28. Kf3 Rh8 29. Qe2 Rhe8 30. Qb2 Re6 31. a5 Ne8 32. Qd2 f5 33. g4 fxg4+
34. Kxg4 Nf6+ 35. Kf3 Nh5 36. f5 Ree8 37. Qg5 Rd6 38. Kg2 Rf6 39. Kf1 Re5 40.
Qg4 Re8 41. Qxd4 gxf5 42. Be2 Re4 43. Qxa7 Nf4 44. Bf3 Rxc4 45. Qe3 Re6 46. Qd2
Kf6 47. Qb2+ Kg6 48. Qd2 Re7 49. Qd6+ Re6 50. Qd2 Re7 51. Qd6+ Re6 52. Qd2
1/2-1/2

[Event "CAN op"]
[Site "Calgary CAN"]
[Date "2023.07.29"]
[Round "9.44"]
[White "Aird, Ian"]
[Black "Zou, Alex"]
[Result "0-1"]
[WhiteElo "1881"]
[BlackElo "1742"]
[PlyCount "24"]
[EventDate "2023.07.22"]
[EventType "swiss"]
[EventRounds "10"]
[EventCountry "CAN"]

1. Nf3 d5 2. g3 Nf6 3. Bg2 g6 4. O-O Bg7 5. d4 O-O 6. Nbd2 Nbd7 7. Re1 c5 8.
dxc5 Nxc5 9. Nb3 Nfe4 10. Nxc5 Nxc5 11. Be3 Na4 12. Bd4 Nxb2 0-1

[Event "CAN op"]
[Site "Calgary CAN"]
[Date "2023.07.29"]
[Round "9.45"]
[White "Xu, Leon"]
[Black "McCoshen, Ricky"]
[Result "0-1"]
[WhiteElo "1811"]
[BlackElo "1717"]
[PlyCount "102"]
[EventDate "2023.07.22"]
[EventType "swiss"]
[EventRounds "10"]
[EventCountry "CAN"]

1. e4 g6 2. d4 Bg7 3. c4 d6 4. Nc3 Nd7 5. f4 c5 6. d5 Ngf6 7. Nf3 O-O 8. h3 Qc7
9. Bd3 a6 10. Be3 e6 11. O-O exd5 12. exd5 Re8 13. Re1 b6 14. Qd2 Rb8 15. a4 b5
16. axb5 axb5 17. Nxb5 Rxb5 18. cxb5 Nxd5 19. Bf2 Rf8 20. Bxg6 hxg6 21. Qxd5
Bb7 22. Ra7 Rb8 23. Re7 Bxd5 24. Rxc7 Nb6 25. Re2 Bxf3 26. gxf3 Nd5 27. Rc6
Nxf4 28. Rd2 Nxh3+ 29. Kf1 Nxf2 30. Kxf2 Rxb5 31. Rc8+ Kh7 32. Rxd6 Rxb2+ 33.
Ke3 Bd4+ 34. Kf4 Re2 35. Rd5 Re7 36. Rb8 Kg7 37. Rb1 Rc7 38. Rc1 Re7 39. Rh1
Re6 40. Rd8 Rf6+ 41. Kg3 Rf5 42. Rdh8 Rg5+ 43. Kf4 Rf5+ 44. Kg4 Be5 45. R1h7+
Kf6 46. Rc8 Rf4+ 47. Kg3 Rf5+ 48. Kg2 Bd4 49. Rc6+ Ke5 50. Rc7 Ke6 51. Kg3 Be5+
0-1

[Event "CAN op"]
[Site "Calgary CAN"]
[Date "2023.07.29"]
[Round "9.46"]
[White "Ramalho, David"]
[Black "Ntete, Cally"]
[Result "1-0"]
[WhiteElo "1803"]
[BlackElo "1650"]
[PlyCount "123"]
[EventDate "2023.07.22"]
[EventType "swiss"]
[EventRounds "10"]
[EventCountry "CAN"]

1. e4 c5 2. Nf3 g6 3. c4 Bg7 4. d4 cxd4 5. Nxd4 Nc6 6. Be3 d6 7. Be2 Nf6 8. Nc3
O-O 9. O-O Bd7 10. f3 Qb6 11. Nc2 Qxb2 12. Qd2 Ng4 13. Na4 Qxc2 14. Qxc2 Nxe3
15. Qd2 Bd4 16. Kh1 Nxf1 17. Rxf1 b6 18. Nc3 Bc5 19. Nd5 Rae8 20. f4 Be6 21.
Nc7 Rc8 22. Nxe6 fxe6 23. Bg4 Nd4 24. h4 h5 25. Bh3 Rf6 26. g4 hxg4 27. Bxg4
Kg7 28. Kg2 Rcf8 29. Kg3 e5 30. f5 gxf5 31. exf5 Nxf5+ 32. Kh3 Ne3 33. Rg1 Kh8
34. Rg3 Nxg4 35. Rxg4 Rf3+ 36. Rg3 Rxg3+ 37. Kxg3 Rf4 38. Qe2 Bf2+ 39. Kg2 Bxh4
40. Kh3 Kg7 41. Qg2+ Kf6 42. Qg8 Bf2 43. Kg2 a5 44. Qh8+ Ke6 45. Qh3+ Rf5 46.
Kf1 Bd4+ 47. Ke2 e4 48. Qg4 Bf6 49. Ke3 d5 50. cxd5+ Kxd5 51. Qxf5+ Kd6 52.
Kxe4 Kc6 53. a4 Kd6 54. Qc8 Bh4 55. Kf5 Bf6 56. Qb8+ Kc6 57. Ke6 Kc5 58. Qb7
Kb4 59. Qxb6+ Kxa4 60. Kd5 Bc3 61. Kc4 Bb4 62. Qe3 1-0

[Event "CAN op"]
[Site "Calgary CAN"]
[Date "2023.07.29"]
[Round "9.47"]
[White "Giles, Patrick"]
[Black "Yin, Zeming"]
[Result "1-0"]
[WhiteElo "1653"]
[BlackElo "1748"]
[PlyCount "125"]
[EventDate "2023.07.22"]
[EventType "swiss"]
[EventRounds "10"]
[EventCountry "CAN"]

1. Nf3 Nf6 2. d4 e6 3. c4 b6 4. Nc3 Bb7 5. Bg5 d5 6. e3 Nbd7 7. Rc1 a6 8. cxd5
exd5 9. Be2 Be7 10. a3 O-O 11. O-O h6 12. Bh4 Ne4 13. Bxe7 Qxe7 14. Nxe4 dxe4
15. Nd2 c5 16. Nc4 Qe6 17. dxc5 Nxc5 18. Qd6 Qxd6 19. Nxd6 Bd5 20. Nf5 Bb3 21.
Nd4 Bd5 22. Rfd1 Rfd8 23. b4 Ne6 24. Nxe6 Bxe6 25. Rxd8+ Rxd8 26. Bxa6 Ra8 27.
b5 Kf8 28. h3 g5 29. Rc7 Rb8 30. g4 Bd5 31. Rd7 Ba8 32. Kh2 Kg7 33. Kg3 Kg6 34.
h4 Kg7 35. h5 Kf8 36. Kg2 Kg7 37. Kf1 Re8 38. Rd6 Rb8 39. Ke2 Kh7 40. Kd2 Kg7
41. Kc3 Kh7 42. Kd4 Kg7 43. Rd7 Kf6 44. Rd6+ Kg7 45. Kc4 Kh7 46. a4 Kg7 47. Kb4
Kh7 48. a5 bxa5+ 49. Kxa5 Kg7 50. Kb4 Kh7 51. Kc5 Kg7 52. b6 Bb7 53. Bxb7 Rxb7
54. Kc6 Re7 55. b7 Re8 56. Kc7 Re5 57. b8=Q Rc5+ 58. Kd7 Re5 59. Qd8 Rb5 60.
Qf6+ Kg8 61. Kc6 Rb8 62. Rd8+ Rxd8 63. Qxd8+ 1-0

[Event "CAN op"]
[Site "Calgary CAN"]
[Date "2023.07.29"]
[Round "9.48"]
[White "Aluko, Olanrewaju"]
[Black "Radic, Dejan"]
[Result "0-1"]
[WhiteElo "1640"]
[BlackElo "1746"]
[PlyCount "78"]
[EventDate "2023.07.22"]
[EventType "swiss"]
[EventRounds "10"]
[EventCountry "CAN"]

1. d4 Nf6 2. e3 g6 3. Bd3 Bg7 4. f4 c5 5. c3 b6 6. Nf3 Bb7 7. O-O O-O 8. Nbd2
d5 9. Ne5 Ne4 10. Qf3 f6 11. Ng4 f5 12. Ne5 Nc6 13. h4 Nxe5 14. fxe5 Qe8 15.
Qh3 Bc8 16. Qh2 Bd7 17. h5 gxh5 18. Be2 Qg6 19. Nxe4 fxe4 20. Qxh5 Rxf1+ 21.
Kxf1 Rf8+ 22. Kg1 Qg3 23. Bd2 Rf2 24. Qh2 Qxh2+ 25. Kxh2 Rxe2 26. Rd1 Bh6 27.
Bc1 c4 28. b3 Bxe3 29. bxc4 Bxc1 30. Rxc1 Rxa2 31. cxd5 e3 32. Kg3 e2 33. Kf3
a5 34. c4 a4 35. c5 b5 36. e6 Bc8 37. Ke3 Kf8 38. Rh1 b4 39. Kf2 e1=Q+ 0-1

[Event "CAN op"]
[Site "Calgary CAN"]
[Date "2023.07.29"]
[Round "9.49"]
[White "Zhang, James"]
[Black "Sazon, Omar"]
[Result "0-1"]
[WhiteElo "1742"]
[BlackElo "1642"]
[PlyCount "56"]
[EventDate "2023.07.22"]
[EventType "swiss"]
[EventRounds "10"]
[EventCountry "CAN"]

1. e4 c5 2. Nf3 d6 3. d4 cxd4 4. Nxd4 Nf6 5. Nc3 a6 6. Bg5 e6 7. f4 h6 8. Bh4
Qb6 9. Qd2 Nc6 10. Nxc6 Qxc6 11. Bd3 Be7 12. e5 dxe5 13. fxe5 Nd7 14. Bxe7 Kxe7
15. Be4 Qc7 16. O-O-O Nxe5 17. Qd4 Rd8 18. Qb4+ Ke8 19. Rxd8+ Qxd8 20. Bxb7 Rb8
21. Qa4+ Bd7 22. Qxa6 Qc7 23. Be4 Nc4 24. Ne2 Rxb2 25. Rd1 Rb6 26. Qa8+ Rb8 27.
Rxd7 Kxd7 28. Bc6+ Kd6 0-1

[Event "CAN op"]
[Site "Calgary CAN"]
[Date "2023.07.29"]
[Round "9.50"]
[White "Alpuri, Aaqil"]
[Black "Miller, Brian"]
[Result "1/2-1/2"]
[WhiteElo "1704"]
[BlackElo "1677"]
[PlyCount "31"]
[EventDate "2023.07.22"]
[EventType "swiss"]
[EventRounds "10"]
[EventCountry "CAN"]

1. d4 c5 2. d5 e5 3. c4 d6 4. Nc3 Be7 5. h3 Bg5 6. Nf3 Bxc1 7. Rxc1 a6 8. e4
Nd7 9. Bd3 Ngf6 10. O-O O-O 11. Nd2 g6 12. Ne2 Nh5 13. a3 Qg5 14. Rc3 Nf4 15.
Nxf4 exf4 16. Nf3 1/2-1/2

[Event "CAN op"]
[Site "Calgary CAN"]
[Date "2023.07.29"]
[Round "9.51"]
[White "Tcherni, Avram"]
[Black "Santelices, Philip"]
[Result "1-0"]
[WhiteElo "1701"]
[BlackElo "1622"]
[PlyCount "85"]
[EventDate "2023.07.22"]
[EventType "swiss"]
[EventRounds "10"]
[EventCountry "CAN"]

1. e4 c5 2. Nf3 d6 3. Bb5+ Nc6 4. O-O a6 5. Bxc6+ bxc6 6. Re1 e5 7. c3 Bg4 8.
h3 Bh5 9. d3 f6 10. Qa4 Qd7 11. Nbd2 g5 12. Nh2 Ne7 13. Nc4 Nc8 14. Be3 Bf7 15.
Rad1 Be7 16. Na5 Na7 17. d4 Nb5 18. dxc5 d5 19. exd5 cxd5 20. c4 Nc7 21. c6 Qc8
22. Bb6 d4 23. Nb7 O-O 24. Ng4 Kg7 25. Bxd4 Ne6 26. Bb6 h5 27. Ne3 Nd4 28. Bxd4
exd4 29. Nd5 Bxd5 30. cxd5 Qc7 31. Qxd4 Bd8 32. Qc5 Qb6 33. Nxd8 Qxd8 34. Re7+
Rf7 35. Rde1 Rc8 36. d6 Rxe7 37. Rxe7+ Kg6 38. c7 Qf8 39. d7 Rxc7 40. Qxc7 Qxe7
41. d8=Q Qe1+ 42. Kh2 Qxf2 43. Qd3+ 1-0

[Event "CAN op"]
[Site "Calgary CAN"]
[Date "2023.07.29"]
[Round "9.52"]
[White "Koo, Minjun"]
[Black "Todd, Adie"]
[Result "1-0"]
[WhiteElo "1661"]
[BlackElo "1618"]
[PlyCount "129"]
[EventDate "2023.07.22"]
[EventType "swiss"]
[EventRounds "10"]
[EventCountry "CAN"]

1. d4 d5 2. Nc3 Nf6 3. Bf4 e6 4. Nb5 Na6 5. e3 c5 6. c3 Be7 7. dxc5 Bxc5 8. Nf3
O-O 9. Bd3 Bd7 10. a4 Re8 11. Ne5 Bxb5 12. Bxb5 Rf8 13. Bg5 Qc7 14. Bxf6 gxf6
15. Nd7 Be7 16. Nxf8 Rxf8 17. Bd3 Nc5 18. b4 Ne4 19. Bxe4 Qxc3+ 20. Ke2 dxe4
21. Rc1 Qxb4 22. Qd4 Qb3 23. Qxe4 f5 24. Qc4 Qa3 25. Rhd1 a5 26. Rd3 Qb2+ 27.
Rc2 Qb6 28. Qb5 Qxb5 29. axb5 b6 30. Rc7 Bc5 31. Ra7 Kg7 32. Rdd7 h6 33. Kd3 e5
34. g3 Kg6 35. Rd5 Kf6 36. Rdd7 Kg6 37. Kc4 Kf6 38. Kd5 Bb4 39. f3 Bc5 40. e4
fxe4 41. Kxe4 Ke6 42. g4 f6 43. Rdc7 Rd8 44. Rc6+ Rd6 45. Rxd6+ Bxd6 46. Rb7
Bc5 47. Ra7 Bb4 48. Ra6 Bc5 49. Ra8 Bb4 50. Rh8 a4 51. Rc8 Bc5 52. Re8+ Be7 53.
Ra8 a3 54. Ra6 Bc5 55. h3 Ke7 56. Kf5 Kf7 57. Ra7+ Be7 58. h4 a2 59. Rxa2 Bc5
60. Ra7+ Be7 61. Rb7 Kf8 62. Ke6 Bd8 63. Rb8 Ke8 64. h5 e4 65. fxe4 1-0

[Event "CAN op"]
[Site "Calgary CAN"]
[Date "2023.07.29"]
[Round "9.53"]
[White "Skop, Mike"]
[Black "Yu, Ryan"]
[Result "0-1"]
[WhiteElo "1655"]
[BlackElo "1540"]
[PlyCount "50"]
[EventDate "2023.07.22"]
[EventType "swiss"]
[EventRounds "10"]
[EventCountry "CAN"]

1. c3 d5 2. Na3 e5 3. Nc2 c5 4. g3 Nf6 5. Nh3 Nc6 6. Bg2 h5 7. d3 h4 8. f3 hxg3
9. hxg3 Bd6 10. e4 Be6 11. Bg5 Qd7 12. Bxf6 gxf6 13. exd5 Bxd5 14. Qe2 O-O-O
15. b3 Be6 16. Nf2 f5 17. O-O-O Rhg8 18. Rh3 Qc7 19. Ne3 f4 20. Neg4 f5 21. Nf6
Rxg3 22. Rg1 Qf7 23. Nh7 Qg7 24. Rh2 Rh8 25. Nh1 Rg6 0-1

[Event "CAN op"]
[Site "Calgary CAN"]
[Date "2023.07.29"]
[Round "9.54"]
[White "Gokhale, Tanishka"]
[Black "Sklenka, Steve"]
[Result "1-0"]
[WhiteElo "1543"]
[BlackElo "1550"]
[PlyCount "97"]
[EventDate "2023.07.22"]
[EventType "swiss"]
[EventRounds "10"]
[EventCountry "CAN"]

1. e4 c5 2. Nf3 d6 3. d4 cxd4 4. Nxd4 Nc6 5. Nc3 Nf6 6. Bb5 Bd7 7. Bg5 e5 8.
Nxc6 bxc6 9. Bc4 Be7 10. Bxf6 Bxf6 11. Qxd6 Qe7 12. Qxe7+ Bxe7 13. Rd1 Bg4 14.
f3 Bh5 15. O-O O-O 16. Rd7 Bc5+ 17. Kh1 Rad8 18. Rfd1 Bd4 19. Rxd8 Rxd8 20. Na4
Kf8 21. c3 Bb6 22. Rxd8+ Bxd8 23. Nc5 Ke7 24. Nd3 f6 25. Kg1 Bb6+ 26. Kf1 Bg6
27. Ke2 Kd6 28. a4 a5 29. b4 Be8 30. Bb3 Bg6 31. Nb2 axb4 32. cxb4 Bd4 33. Nc4+
Kc7 34. Kd2 Bf7 35. Na5 Bxb3 36. Nxb3 Bg1 37. h3 Kb6 38. Kd3 Bf2 39. Kc4 Be1
40. Nc5 Bd2 41. Nd7+ Kb7 42. Nc5+ Kc8 43. b5 cxb5+ 44. axb5 Bh6 45. b6 g6 46.
Kd5 Be3 47. Kc6 Bxc5 48. Kxc5 f5 49. Kd5 1-0

[Event "CAN op"]
[Site "Calgary CAN"]
[Date "2023.07.29"]
[Round "9.55"]
[White "Todd, Nick"]
[Black "Quiring, John"]
[Result "0-1"]
[WhiteElo "1525"]
[BlackElo "1799"]
[PlyCount "70"]
[EventDate "2023.07.22"]
[EventType "swiss"]
[EventRounds "10"]
[EventCountry "CAN"]

1. Nf3 c5 2. c4 Nc6 3. Nc3 Nf6 4. g3 g6 5. Bg2 Bg7 6. O-O O-O 7. b3 d5 8. cxd5
Nxd5 9. Bb2 e6 10. Rb1 Bd7 11. e4 Nxc3 12. Bxc3 Qc7 13. Bxg7 Kxg7 14. Rc1 Qa5
15. d4 cxd4 16. Nxd4 Kg8 17. a4 Nxd4 18. Qxd4 Bc6 19. Rc5 Rfd8 20. Qe5 Qb4 21.
h4 Qxb3 22. h5 Qxa4 23. h6 Qd4 24. Qg5 f6 25. Qc1 Qd2 26. Qc4 Kf7 27. Bh3 Rd6
28. f4 Qe3+ 29. Kh2 Rad8 30. Bg2 Rd3 31. Rf3 Qd2 32. f5 gxf5 33. Rcxf5 Qxh6+
34. Bh3 Rxf3 35. Rxf3 Rd2+ 0-1

[Event "CAN op"]
[Site "Calgary CAN"]
[Date "2023.07.29"]
[Round "9.56"]
[White "Wong, Ford"]
[Black "Ashley, Mathew"]
[Result "1-0"]
[WhiteElo "1721"]
[BlackElo "1709"]
[PlyCount "91"]
[EventDate "2023.07.22"]
[EventType "swiss"]
[EventRounds "10"]
[EventCountry "CAN"]

1. d4 Nf6 2. c4 e6 3. Nc3 Bb4 4. Qc2 c5 5. dxc5 Nc6 6. Nf3 O-O 7. Bd2 Bxc5 8.
e3 d5 9. cxd5 exd5 10. Ne2 Bb4 11. Ned4 Nxd4 12. Nxd4 Bxd2+ 13. Qxd2 Ne4 14.
Qc2 Qa5+ 15. Ke2 b6 16. Kf3 Qb4 17. Bd3 Qe7 18. Ke2 Qh4 19. g3 Qh5+ 20. f3 Qh3
21. Rag1 Nc5 22. Bf5 Ba6+ 23. Kf2 Qh6 24. b4 Ne6 25. Bxe6 fxe6 26. Qc6 Rac8 27.
Qa4 Bd3 28. Rd1 Bc2 29. Nxc2 b5 30. Qb3 Rc4 31. Rd4 Qh5 32. f4 e5 33. Rxc4 bxc4
34. Qc3 d4 35. Qxc4+ Kh8 36. Kg2 exf4 37. exf4 Qf5 38. Re1 Rc8 39. Nxd4 Qd7 40.
Qe6 Qd8 41. Nf5 Rc2+ 42. Kh3 Rc8 43. Qe7 Qg8 44. Nd6 Rf8 45. Qxf8 Qxf8 46. Re8
1-0

[Event "CAN op"]
[Site "Calgary CAN"]
[Date "2023.07.29"]
[Round "9.57"]
[White "Gibson, Leroy"]
[Black "Raman, Shanker"]
[Result "1/2-1/2"]
[WhiteElo "1686"]
[BlackElo "1601"]
[PlyCount "157"]
[EventDate "2023.07.22"]
[EventType "swiss"]
[EventRounds "10"]
[EventCountry "CAN"]

1. f4 d5 2. Nf3 c5 3. d4 cxd4 4. Nxd4 e6 5. e3 Qh4+ 6. g3 Qf6 7. Bg2 Nc6 8. O-O
Bc5 9. c3 Bd7 10. Nd2 Nxd4 11. exd4 Bd6 12. Nf3 Bb5 13. Re1 Ne7 14. Qb3 Bc6 15.
Ne5 O-O 16. Qd1 Rad8 17. Qe2 Rc8 18. Bd2 Nf5 19. a4 Rfd8 20. Kh1 Qh6 21. Kg1
Qf6 22. Qf2 Qe7 23. Bh3 Qc7 24. Qe2 Bxe5 25. fxe5 Ne7 26. Bg5 Re8 27. Bxe7 Qxe7
28. Qe3 Qd7 29. a5 Bb5 30. Bf1 Bxf1 31. Rxf1 a6 32. g4 Qb5 33. Rf2 Rf8 34. g5
Rc4 35. b4 Qc6 36. Rc1 Qc7 37. h4 Rc8 38. Rfc2 Qe7 39. Qf4 R8c7 40. Kh2 Qd8 41.
h5 Qc8 42. Qd2 R7c6 43. Kh3 Qc7 44. Kg4 Qe7 45. Qf4 Qc7 46. Qd2 Qxe5 47. Qf4
Qxf4+ 48. Kxf4 Rc7 49. Ke5 R7c6 50. h6 Kh8 51. Rf2 Kg8 52. Rf3 Rxb4 53. Rcf1
Rb2 54. Re3 Rg2 55. Kf4 gxh6 56. gxh6 Rg6 57. Rg3 Rxg3 58. Kxg3 Rxc3+ 59. Kf4
Rh3 60. Ke5 Rxh6 61. Rb1 Rh5+ 62. Kf6 Rf5+ 63. Ke7 h5 64. Rxb7 h4 65. Kd6 h3
66. Rb3 Rh5 67. Rb1 h2 68. Rh1 Rh3 69. Kc6 Ra3 70. Kb6 Ra2 71. Kxa6 f5 72. Kb6
Kg7 73. a6 f4 74. a7 Kg6 75. Kb7 Rb2+ 76. Kc7 Ra2 77. Kb8 Rb2+ 78. Kc7 Ra2 79.
Kb8 1/2-1/2

[Event "CAN op"]
[Site "Calgary CAN"]
[Date "2023.07.29"]
[Round "9.58"]
[White "Wilson, Kim"]
[Black "Rohatynski, Jordan"]
[Result "1-0"]
[WhiteElo "1701"]
[BlackElo "1671"]
[PlyCount "81"]
[EventDate "2023.07.22"]
[EventType "swiss"]
[EventRounds "10"]
[EventCountry "CAN"]

1. c4 Nf6 2. Nc3 c6 3. g3 Qc7 4. Bg2 e5 5. a3 Bc5 6. e3 d6 7. b4 Bb6 8. c5 dxc5
9. bxc5 Bxc5 10. d4 Bb6 11. dxe5 Qxe5 12. Nge2 O-O 13. Bb2 Bg4 14. Qc2 Bf5 15.
e4 Qc5 16. O-O Bg6 17. Nf4 Nbd7 18. Nxg6 fxg6 19. Qb3+ Kh8 20. Na4 Qe7 21. Nxb6
axb6 22. Rad1 b5 23. e5 Ng4 24. e6 Nc5 25. Qb4 Ra4 26. Qe1 Qxe6 27. Qxe6 Nxe6
28. Rd7 b6 29. Re1 Nf6 30. Bxf6 Rxf6 31. Rxe6 Ra8 32. Rxf6 gxf6 33. Bxc6 Rxa3
34. Bxb5 Ra5 35. Bd3 b5 36. Rb7 b4 37. Rxb4 Kg7 38. Rb7+ Kh6 39. Kg2 f5 40. Bc4
g5 41. Bg8 1-0

[Event "CAN op"]
[Site "Calgary CAN"]
[Date "2023.07.30"]
[Round "10.1"]
[White "Komarov, Dimittri"]
[Black "Nyzhnyk, Iliya"]
[Result "1/2-1/2"]
[WhiteElo "2524"]
[BlackElo "2642"]
[PlyCount "31"]
[EventDate "2023.07.22"]
[EventType "swiss"]
[EventRounds "10"]
[EventCountry "CAN"]

1. d4 d5 2. c4 c6 3. cxd5 cxd5 4. Nc3 Nf6 5. Bf4 Nc6 6. e3 Bf5 7. Nf3 e6 8. Qb3
Bb4 9. Bb5 O-O 10. Bxc6 Bxc3+ 11. Qxc3 Rc8 12. Ne5 Ng4 13. Nxg4 Bxg4 14. Qb4
Rxc6 15. Qxb7 Qa5+ 16. b4 1/2-1/2

[Event "CAN op"]
[Site "Calgary CAN"]
[Date "2023.07.30"]
[Round "10.5"]
[White "Kapra, Jerjis"]
[Black "Gupta, Abhijeet"]
[Result "1/2-1/2"]
[WhiteElo "2198"]
[BlackElo "2629"]
[PlyCount "101"]
[EventDate "2023.07.22"]
[EventType "swiss"]
[EventRounds "10"]
[EventCountry "CAN"]

1. e4 c5 2. Nc3 Nc6 3. Bb5 Nd4 4. Nf3 e6 5. O-O a6 6. Bd3 b5 7. Nxd4 cxd4 8.
Ne2 Bc5 9. c3 dxc3 10. bxc3 Bb7 11. Bc2 Nf6 12. d4 Be7 13. Ng3 Rc8 14. Bd2 h5
15. f3 Qc7 16. Bd3 h4 17. Ne2 e5 18. a4 h3 19. g3 d5 20. exd5 O-O 21. axb5 axb5
22. Rb1 exd4 23. cxd4 b4 24. Bxb4 Bxb4 25. Rxb4 Qe7 26. Qd2 Nxd5 27. Rb3 Rfe8
28. Nf4 Nxf4 29. Qxf4 g6 30. Rb6 Bc6 31. Be4 Qa7 32. Rb4 Bxe4 33. fxe4 Rc2 34.
g4 Rec8 35. g5 R2c4 36. Rxc4 Rxc4 37. Qe5 Qd7 38. Rf4 Rc1+ 39. Kf2 Qc8 40. Kg3
Qc3+ 41. Kh4 Qe1+ 42. Kg4 Qg1+ 43. Kh4 Qe1+ 44. Kg4 Rc8 45. Rf3 Qe2 46. Qf4
Qg2+ 47. Kh4 Rc7 48. Rf2 Qg1 49. Rf1 Qg2 50. Rf2 Qg1 51. Rf1 1/2-1/2

[Event "CAN op"]
[Site "Calgary CAN"]
[Date "2023.07.30"]
[Round "10.7"]
[White "Ng, Gary"]
[Black "Campbell, Ryan"]
[Result "0-1"]
[WhiteElo "2349"]
[BlackElo "2228"]
[PlyCount "144"]
[EventDate "2023.07.22"]
[EventType "swiss"]
[EventRounds "10"]
[EventCountry "CAN"]

1. Nf3 d5 2. e3 Nf6 3. c4 e6 4. Nc3 Be7 5. b3 O-O 6. Bb2 dxc4 7. bxc4 c5 8. d4
cxd4 9. exd4 Qa5 10. Bd3 Ba3 11. Qb3 Bxb2 12. Qxb2 b6 13. O-O Bb7 14. Ne5 Nc6
15. Nxc6 Bxc6 16. Rae1 Rfd8 17. Re5 Qa6 18. Rd1 Qb7 19. f3 Rd7 20. Qf2 Rad8 21.
Qh4 h6 22. Ne2 a6 23. Rb1 Qa7 24. Qf2 Qc7 25. Qe3 Rb8 26. Nc3 Qd6 27. Rd1 Rbd8
28. d5 exd5 29. cxd5 Bb7 30. Na4 b5 31. Nc5 Rc7 32. Nxb7 Rxb7 33. Qd4 Kf8 34.
Bc2 Qb6 35. Kf2 Qxd4+ 36. Rxd4 Rbd7 37. Bb3 Rd6 38. Re2 a5 39. a3 Rc8 40. Rd3
Nd7 41. Ba2 Nc5 42. Rdd2 Na4 43. Rc2 Nc3 44. Ke1 b4 45. axb4 axb4 46. Bb3 Ra8
47. Red2 Ra1+ 48. Kf2 Rb1 49. Rb2 Rxb2 50. Rxb2 Ke7 51. Ke3 Rb6 52. Kd4 Kd6 53.
Rd2 Nb5+ 54. Kc4 Na3+ 55. Kd4 Rb8 56. Rb2 Rc8 57. Ba2 f5 58. Kd3 Rc3+ 59. Ke2
Kc5 60. Bb3 Nb5 61. Kf2 Nd4 62. Ba4 b3 63. Kg3 Kxd5 64. Kf4 g5+ 65. Kg3 Kc4 66.
h4 Kb4 67. Bd7 Rc2 68. Rb1 b2 69. hxg5 hxg5 70. Rd1 Ne2+ 71. Kh2 Rc1 72. Rd5
b1=Q 0-1

[Event "CAN op"]
[Site "Calgary CAN"]
[Date "2023.07.30"]
[Round "10.9"]
[White "Khodjimatov, Sherzod"]
[Black "Haessel, Dale"]
[Result "1-0"]
[WhiteElo "2304"]
[BlackElo "2201"]
[PlyCount "73"]
[EventDate "2023.07.22"]
[EventType "swiss"]
[EventRounds "10"]
[EventCountry "CAN"]

1. e4 e5 2. Nf3 Nc6 3. Bb5 a6 4. Ba4 Nf6 5. d3 d6 6. c3 g6 7. h3 Bg7 8. Be3 b5
9. Bb3 Bb7 10. Nbd2 O-O 11. a4 Nb8 12. Nf1 Nbd7 13. Ng3 d5 14. Qc2 c5 15. exd5
Nxd5 16. Bg5 Qc7 17. O-O f5 18. c4 bxc4 19. Bxc4 h6 20. Bd2 Kh7 21. a5 Nf4 22.
Ne1 h5 23. Bc3 Nf6 24. Ra3 N6d5 25. Rb3 Qc6 26. Qd2 Bh6 27. Qd1 h4 28. Qf3 hxg3
29. fxg3 e4 30. dxe4 fxe4 31. Qxe4 Rae8 32. Be5 Rxe5 33. Qxe5 Bg7 34. Qe4 Re8
35. Qf3 Bd4+ 36. Kh2 Re3 37. Bxd5 1-0

[Event "CAN op"]
[Site "Calgary CAN"]
[Date "2023.07.30"]
[Round "10.10"]
[White "Song, Ethan"]
[Black "Doknjas, Neil"]
[Result "1-0"]
[WhiteElo "2255"]
[BlackElo "2297"]
[PlyCount "139"]
[EventDate "2023.07.22"]
[EventType "swiss"]
[EventRounds "10"]
[EventCountry "CAN"]

1. e4 c5 2. Nf3 e6 3. d4 cxd4 4. Nxd4 a6 5. Bd3 Bc5 6. Nb3 Ba7 7. Qe2 Ne7 8.
Be3 O-O 9. Bxa7 Rxa7 10. Qe3 Nbc6 11. Nc3 b5 12. O-O-O Rc7 13. e5 b4 14. Na4
Nd5 15. Qe4 f5 16. exf6 Nxf6 17. Qe2 d6 18. Nb6 Bb7 19. Qxe6+ Kh8 20. Nc4 Rd7
21. Qh3 a5 22. Bf5 a4 23. Nc5 dxc5 24. Rxd7 Qb8 25. Nd6 Nd4 26. Nxb7 Qf4+ 27.
Kb1 Nxf5 28. Rd8 Rxd8 29. Nxd8 a3 30. Qb3 h6 31. Nf7+ Kh7 32. Qf3 Qxf3 33. gxf3
axb2 34. Kxb2 Nd5 35. a3 bxa3+ 36. Kxa3 Nd4 37. Kb2 Nxf3 38. Nd6 Kg6 39. Ne4 c4
40. Rd1 Nf4 41. Nd2 Nxh2 42. f3 Ne2 43. c3 Kf5 44. Rh1 Nxf3 45. Nxf3 Ke4 46.
Nd4 Nf4 47. Re1+ Kd5 48. Kc2 g5 49. Nf5 h5 50. Ne3+ Ke4 51. Nxc4+ Kf3 52. Rg1
g4 53. Nd2+ Kf2 54. Rf1+ Ke3 55. Nc4+ Ke4 56. Nd6+ Ke5 57. Kd2 h4 58. Nf7+ Ke4
59. Ng5+ Ke5 60. c4 h3 61. Ke3 Ng2+ 62. Kf2 Kf5 63. Nf7 Kf4 64. Kg1+ Ke4 65.
Nh6 Ne3 66. Re1 g3 67. Ng4 Kf3 68. Nxe3 h2+ 69. Kh1 Kf2 70. Ng2 1-0